000
00274nam a22001217a 4500
008
171030b xxu||||| |||| 00| 0 eng d
041
_a
eng
080
_a
33
100
_a
58
101
_a
BUS
245
_a
PRINCIPLES OF BUSINESS COMMUNICATION
_c
WEEKS,F.W
942
_2
udc
_c
BK
999
_c
36584
_d
36584